LEADER 01412nam0 22003131i 450 001 UON00095572 005 20231205102531.13 100 $a20020107d1971 |0itac50 ba 101 $aita 102 $aIT 105 $a|||| ||||| 200 1 $aBritannia Romana. Conferenze organizzate dall'Accademia Nazionale dei Lincei in collaborazione con la British Academy 210 $aRoma$cAccademia Nazionale dei Lincei$d1971 215 $a45 p., p. di tav.$d27 cm 410 1$1001UON00021668$12001 $aProblemi attuali di scienza e di cultura. Quaderni$fAccademia Nazionale dei Lincei$v150 606 $aLINGUE CELTICHE$3UONC026958$2FI 620 $aIT$dRoma$3UONL000004 676 $a491.6$cLINGUE CELTICHE$v21 686 $aGLOTTOLOGIA$2A 712 02$aAccademia Nazionale dei Lincei$cRoma$3UONV004441 712 $a*Accademia *Nazionale dei *Lincei$3UONV246632$4650 791 02$aAccademia Pontificia dei Nuovi Lincei$zAccademia Nazionale dei Lincei $3UONV100849 791 02$aACCADEMIA DEI LINCEI$yAccademia Nazionale dei Lincei $3UONV042416 801 $aIT$bSOL$c20240220$gRICA 899 $aSIBA - SISTEMA BIBLIOTECARIO DI ATENEO$2UONSI 912 $aUON00095572 950 $aSIBA - SISTEMA BIBLIOTECARIO DI ATENEO$dSI GLOTT B 13 I 003 $eSI MC 4073 7 003 996 $aBritannia romana$9284500 997 $aUNIOR